6 größte Städte Taiwan - Statistiken

Allgemein
  • Dieses Quiz wurde 12 mal gespielt
  • Das Durchschnittsergebnis liegt bei 4 aus 6
Antwortstatistiken
Einwohner Antwort % Korrekt
2.512.000 Taipeh
100%
2.738.000 Kaohsiung
70%
4.041.000 Neu-Taipeh
70%
2.846.000 Taichung
70%
1.860.000 Tainan
50%
2.317.000 Taoyuan
40%
Keine übereinstimmenden Quizze gefunden
Verteilung der Resultate
Anzahl Personen mit jedem Resultat
Perzentil nach korrekt beantworteten Fragen
Ihre Resultats-Entwicklung
Sie haben dieses Quiz noch nicht gespielt